000 01081pab a2200181 454500
008 180718b2007 xxu||||| |||| 00| 0 eng d
100 _aJorgensen, Torben Beck
245 _aPublic values: an inventory
260 _c2007
300 _ap.354-81.
362 _aMay
520 _aExploring boundaries and meanings of public value, the authors seek to identify some of the impediments to progress in the study of public values. The study of public values is often hamstrung by more general problems in the study of values. The authors begin by identifying analytical problems in the study of values and public values. Then they take stock of the public values universe. To identify public value concepts, relevant literature is reviewed and interpreted. Finally, the analytical questions posed in the first section are addressed, focusing specifically on issues related to the hierarchy, casuality, and proximity of public values. - Reproduced.
650 _aPublic values
700 _aBozeman, Barry
773 _aAdministration and Society
908 _aN
909 _a74032
999 _c74032
_d74032